00437 2200169 4500001002100000005001500021008004100036035001900077041000700096082000800103090001400111100001600125245004500141260003100186300001800217650003200235INLIS00000000001180020241224114240241224||||||||| | ||| |||| || |  0010-1224011800 aid0 a179 a179 SET r0 aA. Setiawan00aRamah dan Sopan Lambang Kebahagian Hidup aBogorbSurba Indah Mandiri a80hlm;15x21cm 0aIlmu Filsafat dan Psikologi